|
|
|
|
| LEADER |
01634nam a2200325 i 4500 |
| 001 |
10110316 |
| 003 |
GR-PaULI |
| 005 |
20210117211026.0 |
| 008 |
200110s2011 gr a g dgre d |
| 952 |
|
|
|0 0
|1 0
|2 ddc
|4 0
|6 780_150000000000000_LEH
|7 0
|9 238162
|a THST
|b THST
|d 2020-01-10
|i 015077
|l 0
|o 780.15 LEH
|p 025000264597
|r 2020-01-10 00:00:00
|t 1
|v 2020.00
|w 2020-01-10
|y BK15
|z Δωρεά Εθνική Λυρική Σκηνή
|
| 999 |
|
|
|c 143927
|d 143927
|
| 020 |
|
|
|a 9789609432283
|
| 040 |
|
|
|a GR-PaULI
|c GR-PaULI
|b gre
|e AACR2
|
| 041 |
0 |
|
|a gre
|a eng
|
| 082 |
0 |
4 |
|a 780.15
|2 23
|
| 100 |
1 |
|
|a Lehar, Franz
|9 118203
|d 1870-1948
|e συνθέτης
|
| 110 |
1 |
|
|a Εθνική Λυρική Σκηνή
|9 134108
|
| 245 |
1 |
2 |
|a Η εύθυμη χήρα ;
|b Die lustige witwe : οπερέτα σε τρεις πράξεις /
|c Φραντς Λέχαρ ; κείμενο Βίκτωρ Λεόν και Λέο Στάιν.
|
| 260 |
|
|
|a Αθήνα :
|b Εθνική Λυρική Σκηνή,
|c 2011.
|
| 300 |
|
|
|a 95 σ. :
|b φωτ. ;
|c 17 εκ.
|
| 490 |
0 |
|
|a Εθνική Λυρική Σκηνή : 2011/2 ;
|v 47
|
| 500 |
|
|
|a Θέατρο Ολύμπια, Φεβρουάριος 2012
|
| 500 |
|
|
|a Βασισμένο στην κωμωδία Ο διπλωματικός ακόλουθος του Ανρί Μεγιάκ.
|
| 546 |
|
|
|a ελληνικά και αγγλικά.
|
| 650 |
|
4 |
|a Όπερα
|9 84204
|
| 650 |
|
4 |
|a Όπερες
|x Οδηγοί ανάλυσης
|9 134138
|
| 700 |
1 |
4 |
|9 179426
|a Leon, Viktor,
|d 1858-1940.
|e λιμπρετίστας
|
| 700 |
1 |
4 |
|9 179428
|a Stein, Leo,
|d 1861-1921.
|e λιμπρετίστας
|
| 942 |
|
|
|2 ddc
|c BK15
|
| 998 |
|
|
|c ΜΑΝΙΑ
|d 2020-01
|